Welcome to CU Library Online Public Access Catalogue (OPAC)

Laboratory Textbook/ (Record no. 2418)

MARC details
000 -LEADER
fixed length control field 00634nam a22001937a 4500
005 - DATE AND TIME OF LATEST TRANSACTION
control field 20241217142037.0
008 - FIXED-LENGTH DATA ELEMENTS--GENERAL INFORMATION
fixed length control field 241217b |||||||| |||| 00| 0 eng d
020 ## - INTERNATIONAL STANDARD BOOK NUMBER
International Standard Book Number 9780697219329
050 ## - LIBRARY OF CONGRESS CALL NUMBER
Classification number QP44
Item number .A48
100 ## - MAIN ENTRY--PERSONAL NAME
Personal name Benson, Harold J.
245 ## - TITLE STATEMENT
Title Laboratory Textbook/
Remainder of title Anatomy & Physiology
Statement of responsibility, etc. Harold J. Benson, Stanley E. Gunstream, Arthur Talaro & Kathleen P. Talaro
250 ## - EDITION STATEMENT
Edition statement 4th ed.
260 ## - PUBLICATION, DISTRIBUTION, ETC.
Place of publication, distribution, etc. Dubuque, IA
Name of publisher, distributor, etc. Wm. C. Brown Publishers
Date of publication, distribution, etc. 1996
300 ## - PHYSICAL DESCRIPTION
Extent x.550p.
Other physical details ill. some color
Dimensions 27.5cm
700 ## - ADDED ENTRY--PERSONAL NAME
Personal name Gunstream, Stanley E.
700 ## - ADDED ENTRY--PERSONAL NAME
Personal name Talaro, Arthur
700 ## - ADDED ENTRY--PERSONAL NAME
Personal name Talaro, Kathleen P.
942 ## - ADDED ENTRY ELEMENTS (KOHA)
Source of classification or shelving scheme Library of Congress Classification
Koha item type Books
Edition 4th ed.
Suppress in OPAC No
999 ## -
-- 2418
-- 2418
Holdings
Withdrawn status Lost status Source of classification or shelving scheme Damaged status Not for loan Collection Home library Current library Shelving location Date acquired Total checkouts Full call number Barcode Date last seen Copy number Price effective from Koha item type
    Library of Congress Classification     Non-fiction Science Library (Miotso) Science Library (Miotso) General stacks 12/17/2024   QP44 .A48 ANA SLM00001708 12/17/2024 1 12/17/2024 Books
© 2023-2024 Copyright: Central University Libraries. All Rights Reserved | Created by: Mahone Tech Office